000 00263nam a22001217a 4500
008 171020b xxu||||| |||| 00| 0 eng d
041 _aeng
080 _a338
100 _a54
101 _aMNG
245 _aMANAGEMENT-MINDED SUPERVISION
_cBOYD
942 _2udc
_cBK
999 _c35096
_d35096